| 000 | 01386cam a2200337 a 4500 | ||
|---|---|---|---|
| 999 |
_c331923 _d331923 |
||
| 001 | 4507956 | ||
| 003 | NUST | ||
| 005 | 20171102121819.0 | ||
| 008 | 980826s1999 nyua b 001 0 eng | ||
| 010 | _a 98037263 | ||
| 020 | _a0824789199 (alk. paper) | ||
| 040 |
_aDLC _cDLC _dDLC |
||
| 050 | 0 | 0 |
_aTD755 _b.G72 1999 |
| 082 | 0 | 0 |
_a628.35 LES _221 |
| 100 | 1 |
_aGrady, C. P. Leslie, _d1938- _95854 |
|
| 245 | 1 | 0 |
_aBiological wastewater treatment / _cC.P. Leslie Grady, Jr., Glen T. Daigger, Henry C. Lim. |
| 250 | _a2nd ed. rev. and expanded. | ||
| 260 |
_aNew York : _bMarcel Dekker, _cc1999. |
||
| 300 |
_axii, 1076 p. : _bill. ; _c26 cm. |
||
| 440 | 0 |
_aEnvironmental science and pollution control series ; _v19 _95855 |
|
| 500 | _aAuthors erroneously listed as editors on t.p. | ||
| 501 | _aH.B | ||
| 504 | _aIncludes bibliographical references and index. | ||
| 650 | 0 |
_aSewage _xPurification _xBiological treatment. _92606 |
|
| 700 | 1 |
_aDaigger, Glen T. _95856 |
|
| 700 | 1 |
_aLim, Henry C., _d1935- _95857 |
|
| 856 | 4 | 2 |
_3Publisher description _uhttp://www.loc.gov/catdir/enhancements/fy0647/98037263-d.html |
| 906 |
_a7 _bcbu _corignew _d1 _eocip _f19 _gy-gencatlg |
||
| 942 |
_2ddc _cBK _kIESE |
||